A TEXTBOOK OF HOSPITAL PHARMACY [16TH. ED] (Record no. 8449)

MARC details
000 -LEADER
fixed length control field 00434nam a22001697a 4500
005 - DATE AND TIME OF LATEST TRANSACTION
control field 20231103133452.0
008 - FIXED-LENGTH DATA ELEMENTS--GENERAL INFORMATION
fixed length control field 231103b |||||||| |||| 00| 0 eng d
020 ## - INTERNATIONAL STANDARD BOOK NUMBER
ISBN 81-8416-008-9
041 ## - LANGUAGE CODE
Language code of text/sound track or separate title eng
082 ## - DEWEY DECIMAL CLASSIFICATION NUMBER
Classification number 610
100 ## - MAIN ENTRY--AUTHOR NAME
Personal name GOYAL, PROF.RAMESH.K AND OTHERS
245 ## - TITLE STATEMENT
Title A TEXTBOOK OF HOSPITAL PHARMACY [16TH. ED]
250 ## - EDITION STATEMENT
Edition statement 16TH, ED. [2023-2024]
260 ## - PUBLICATION, DISTRIBUTION, ETC. (IMPRINT)
Name of publisher B.S. SHAH PRAKASHAN
300 ## - PHYSICAL DESCRIPTION
Number of Pages 403;p
942 ## - ADDED ENTRY ELEMENTS (KOHA)
Koha item type Books
Holdings
Lost status Damaged status Collection code Home library Current library Shelving location Date acquired Source of acquisition Cost, normal purchase price Full call number Accession Number Koha item type
    PHARMACY JRU Library JRU Library SHELF-4-E 03/11/2023 PURCHASE [LBI000224/29-10-2023] 425.00 610 28072 Books
    PHARMACY JRU Library JRU Library SHELF - 19 - H 03/11/2023 PURCHASE [LBI000224/29-10-2023] 425.00 610 28073 Books
    PHARMACY JRU Library JRU Library SHELF - 19 - H 03/11/2023 PURCHASE [LBI000224/29-10-2023] 425.00 610 28074 Books
    PHARMACY JRU Library JRU Library SHELF - 19 - H 03/11/2023 PURCHASE [LBI000224/29-10-2023] 425.00 610 28075 Books